Guerra del Pacífico: documentos oficiales, correspondencias y demás publicaciones referentes a la guerra, que ha dado luz la prensa de Chile, Perú y Bolivia
Guardat en:
| Autor principal: | |
|---|---|
| Format: | Llibre |
| Idioma: | espanyol |
| Publicat: |
Valparaíso, Chile
Andrés Bello
1982
|
| Matèries: | |
| Etiquetes: |
Afegir etiqueta
Sense etiquetes, Sigues el primer a etiquetar aquest registre!
|
MARC
| LEADER | 00000nam a2200000 a 4500 | ||
|---|---|---|---|
| 001 | UCO1515 | ||
| 003 | CL-VaPUC | ||
| 005 | 20201106001331.0 | ||
| 008 | 000519e19820000CL |||||||||||||||||spa|d | ||
| 999 | |c 288127 |d 288125 | ||
| 040 | |c Pontificia Universidad Católica de Valparaíso | ||
| 082 | 0 | 4 | |a 983.061 AHU 1982 |2 21 |
| 100 | 0 | |a Ahumada Moreno, Pascual |e author |9 443692 | |
| 245 | 1 | 0 | |a Guerra del Pacífico: |b documentos oficiales, correspondencias y demás publicaciones referentes a la guerra, que ha dado luz la prensa de Chile, Perú y Bolivia |
| 260 | |a Valparaíso, Chile |b Andrés Bello |c 1982 | ||
| 300 | |a volúmenes | ||
| 583 | |a last modification |c 20000519 00:00:00 |k Rodrigo Vera | ||
| 650 | 7 | |a HISTORIA DE CHILE |2 CL-VaPUC |9 443689 |y 1879-1883 |z PERU |z BOLIVIA | |
| 650 | 0 | |a Guerra del Pacífico |z CHILE |z PERU |z BOLIVIA |9 314886 | |
| 650 | 7 | |a FUENTES HISTORICAS |2 CL-VaPUC |9 255666 |x GUERRA DEL PACIFICO | |
| 852 | |a BIBCUR | ||
| 942 | |c BK |2 ddc | ||
| 945 | |d 20000519 00:00:00 |a crobeson | ||
| 952 | |0 0 |1 0 |2 ddc |4 0 |6 983_061000000000000_AHU_1982 |7 0 |8 X |9 335464 |a BIBHIS |b BIBHIS |d 2019-11-20 |h v.1-2 |i 1275461 |l 1 |o 983.061 AHU 1982 |p 1275461 |r 2024-01-30 |s 2023-07-10 |t 1 |w 2019-11-20 |y BK_X |k HIS | ||